| 000 | 00814cam a22002533a 4500 | ||
|---|---|---|---|
| 001 | 31055 | ||
| 003 | PGUSA | ||
| 005 | 20140828083655.0 | ||
| 008 | 100123s2010||||xxu|||||s|||||000 | eng d | ||
| 040 |
_aPGUSA _beng |
||
| 042 | _adc | ||
| 050 | 4 | _aE151 | |
| 100 | 1 |
_aEdwards, William James, _d1869- |
|
| 245 | 1 | 0 |
_aTwenty-Five Years in the Black Belt _h[electronic resource] / _cWilliam James Edwards |
| 260 |
_bProject Gutenberg, _c2010 |
||
| 506 | _aPublic domain in the USA. | ||
| 516 | _aElectronic text | ||
| 653 | _aSnow Hill Normal and Industrial Institute (Ala.) -- History | ||
| 653 | _aUnited States -- Race relations | ||
| 653 | _aWorld War, 1914-1918 -- Participation, African American | ||
| 830 | 0 |
_aProject Gutenberg _v31055 |
|
| 856 | 4 | 0 | _uhttp://www.gutenberg.org/ebooks/31055 |
| 942 | _cEB | ||
| 999 |
_c260310 _d260310 |
||